[Event "30.Schlosspark-Open"]
[Site "Wiesbaden-Biebrich"]
[Date "2018.08.25"]
[Round "4.28"]
[White "Koellner, Christof"]
[Black "Kuerschner, Matthias"]
[Result "1-0"]
[WhiteElo "2111"]
[BlackElo "1995"]
[PlyCount "149"]
[EventDate "2018.??.??"]
[WhiteTeam "SV Bergneustadt/Derschlag"]
[BlackTeam "SK Langen"]

1. d4 d5 2. c4 c6 3. cxd5 cxd5 4. Nc3 Nf6 5. f3 e6 6. e4 Be7 7. e5 Nfd7 8. f4
f5 9. Nf3 g6 10. Bd3 Nc6 11. Be3 Qb6 12. Qd2 Nf8 13. O-O Bd7 14. Kh1 Na5 15.
Rac1 a6 16. Qe2 h5 17. Bf2 Nc6 18. a3 Na7 19. Rc2 Nh7 20. Be3 Rc8 21. Rfc1 Kf7
22. h3 Qd8 23. Qd2 Rg8 24. Ne2 Qb6 25. Bf2 Rxc2 26. Rxc2 Rc8 27. Rxc8 Nxc8 28.
g4 hxg4 29. hxg4 Bb5 30. gxf5 gxf5 31. Bxb5 Qxb5 32. Bh4 Bxh4 33. Nxh4 Ne7 34.
Ng3 Nf8 35. Qd1 Ke8 36. Qh5+ Kd8 37. Qf7 Qe8 38. Qg7 Kc8 39. Kh2 Nc6 40. Nf3
Nd7 41. Qh6 Qg8 42. Qg5 Qh8+ 43. Nh5 Qh7 44. Kg3 Qf7 45. Kh4 a5 46. Qg7 Qe8 47.
Nf6 Qd8 48. Kh5 a4 49. Qf7 Qh8+ 50. Kg5 Nf8 51. Ng8 Nd7 52. Qe8+ Kc7 53. Qxe6
Qh3 54. Qd6+ Kc8 55. e6 Qg4+ 56. Kh6 Qxg8 57. Qxd7+ Kb8 58. Ng5 Qf8+ 59. Qg7
Qd6 60. Nh3 Qxe6+ 61. Qg6 Nxd4 62. Qxe6 Nxe6 63. Kg6 Nd4 64. Kf6 Kc7 65. Ke5
Nf3+ 66. Kxd5 Kb6 67. Nf2 Kb5 68. Nd1 b6 69. Ne3 Ne1 70. Nxf5 Nd3 71. Nd6+ Ka6
72. f5 Nxb2 73. Kd4 Nd1 74. f6 Nf2 75. f7 1-0

[Event "30.Schlosspark-Open"]
[Site "Wiesbaden-Biebrich"]
[Date "2018.08.25"]
[Round "4.29"]
[White "Hoppe, Thilo"]
[Black "Mueller, Lutz"]
[Result "1-0"]
[WhiteElo "2083"]
[BlackElo "1989"]
[PlyCount "101"]
[EventDate "2018.??.??"]
[WhiteTeam "SC Bonn Beuel"]
[BlackTeam "SC Bad Koenigshofen"]

1. d4 g6 2. c4 Bg7 3. Nc3 d6 4. e4 Nc6 5. Be3 e5 6. d5 Nce7 7. g4 f5 8. gxf5
gxf5 9. Qh5+ Kf8 10. Bh3 Nf6 11. Qf3 f4 12. Bd2 Ng6 13. O-O-O a6 14. Kb1 Bd7
15. Bxd7 Qxd7 16. Qh3 Kf7 17. Qxd7+ Nxd7 18. Nf3 Bf6 19. h4 h6 20. Kc2 b5 21.
cxb5 axb5 22. Nxb5 Rxa2 23. h5 Ne7 24. Ra1 Rxb2+ 25. Kxb2 Rb8 26. Kc2 Rxb5 27.
Rhb1 Rc5+ 28. Kd3 Nxd5 29. exd5 Rxd5+ 30. Kc4 Rc5+ 31. Kd3 d5 32. Ra7 e4+ 33.
Ke2 exf3+ 34. Kxf3 Ne5+ 35. Kg2 f3+ 36. Kg3 Rc4 37. Bf4 Ke6 38. Bxe5 Bxe5+ 39.
Kxf3 Rf4+ 40. Ke3 Kf5 41. Rd1 d4+ 42. Ke2 Rh4 43. Ra5 Ke6 44. Kd3 Rxh5 45. Re1
Kd6 46. f4 Rh3+ 47. Ke4 Bf6 48. Kf5 Bd8 49. Re6+ Kd7 50. Rd5+ Kc8 51. Rxd4 1-0

[Event "30.Schlosspark-Open"]
[Site "Wiesbaden-Biebrich"]
[Date "2018.08.25"]
[Round "4.30"]
[White "Gries, Volker"]
[Black "Scharping, Hans-Martin"]
[Result "1-0"]
[WhiteElo "2071"]
[BlackElo "1984"]
[PlyCount "63"]
[EventDate "2018.??.??"]
[WhiteTeam "SV Oberursel"]
[BlackTeam "SC Pforzheim"]

1. e4 d5 2. exd5 Nf6 3. d4 Bg4 4. Be2 Bxe2 5. Qxe2 Qxd5 6. Nf3 Nc6 7. O-O O-O-O
8. c3 e6 9. b4 Qh5 10. Bf4 Nd5 11. Bg3 Bd6 12. b5 Bxg3 13. fxg3 Nce7 14. a4 Kb8
15. a5 Rhe8 16. a6 b6 17. c4 Nf6 18. Na3 Nf5 19. Nc2 Kc8 20. Rad1 Qg4 21. Rfe1
Nd6 22. Qf1 Nd7 23. Nb4 Nb8 24. Ne5 Qf5 25. Qe2 f6 26. Nec6 Nxc6 27. Nxc6 Rd7
28. Nxa7+ Kb8 29. Nc6+ Ka8 30. g4 Qf4 31. g3 Qg5 32. Qf3 1-0

[Event "30.Schlosspark-Open"]
[Site "Wiesbaden-Biebrich"]
[Date "2018.08.25"]
[Round "4.31"]
[White "Kolker, Vladislav"]
[Black "Held, Carsten"]
[Result "0-1"]
[WhiteElo "1999"]
[BlackElo "2070"]
[PlyCount "64"]
[EventDate "2018.??.??"]
[WhiteTeam "SC Bad Nauheim"]
[BlackTeam "SC Ladja Rossdorf"]

1. e4 c5 2. Nf3 g6 3. d4 cxd4 4. Nxd4 Bg7 5. Nc3 Nc6 6. Be3 Nf6 7. f3 O-O 8. g4
Qb6 9. Rb1 Nxg4 10. fxg4 Bxd4 11. Nd5 Qc5 12. b4 Nxb4 13. Bxd4 Nxc2+ 14. Qxc2
Qxd4 15. Nxe7+ Kg7 16. Bg2 Re8 17. Nd5 Qxd5 18. O-O Qe5 19. Rbd1 Qg5 20. h3 Re5
21. Qc3 Qe7 22. Rd5 d6 23. Qd4 Be6 24. Rxd6 f6 25. Rd1 b6 26. Bf3 Rc8 27. Rd2
Qc7 28. g5 Rxg5+ 29. Bg4 Bxg4 30. Qxf6+ Kh6 31. h4 Qc5+ 32. Kh2 Qe5+ 0-1

[Event "30.Schlosspark-Open"]
[Site "Wiesbaden-Biebrich"]
[Date "2018.08.25"]
[Round "4.32"]
[White "Schultze, Joerg-Martin"]
[Black "Gitsis, Christos"]
[Result "1-0"]
[WhiteElo "1998"]
[BlackElo "2013"]
[PlyCount "91"]
[EventDate "2018.??.??"]
[WhiteTeam "SF Anderssen Wetzlar"]
[BlackTeam "SF Mainz"]

1. Nf3 Nf6 2. g3 d5 3. Bg2 Bg4 4. O-O e6 5. d3 Be7 6. Nbd2 O-O 7. Ne5 Bh5 8. c4
c6 9. cxd5 exd5 10. Ndf3 Na6 11. Bd2 Re8 12. d4 Qb6 13. Qa4 c5 14. e3 Ne4 15.
Ba5 Qe6 16. Qb5 Nd6 17. Qd7 Qxd7 18. Nxd7 b6 19. Bxb6 axb6 20. Nxb6 Rab8 21.
dxc5 Nxc5 22. b4 Nce4 23. Nxd5 Bd8 24. Nd4 Bf6 25. Nxf6+ gxf6 26. g4 Bxg4 27.
f3 Nd2 28. Rfd1 Nxf3+ 29. Nxf3 Bxf3 30. Bxf3 Nc4 31. Rd4 Na3 32. Rc1 Rxe3 33.
Kf2 Re6 34. Rc7 f5 35. Rc5 Rh6 36. h4 Rf6 37. Bc6 Rc8 38. Ba4 Rb8 39. Rc3 Nb1
40. Rb3 Ra8 41. b5 Nd2 42. Rxd2 Rxa4 43. b6 Rf4+ 44. Kg1 Re6 45. b7 Re1+ 46.
Kg2 1-0

[Event "30.Schlosspark-Open"]
[Site "Wiesbaden-Biebrich"]
[Date "2018.08.25"]
[Round "4.33"]
[White "Bischoff, Ulrich"]
[Black "Tremoehlen, Thomas"]
[Result "1-0"]
[WhiteElo "2057"]
[BlackElo "1981"]
[PlyCount "63"]
[EventDate "2018.??.??"]
[WhiteTeam "Sfr. Erbach"]
[BlackTeam "SG Kaarst"]

1. e4 c5 2. Nc3 Nc6 3. Nf3 e5 4. g3 d6 5. Bg2 Be7 6. Nd5 Nf6 7. Nxe7 Qxe7 8. d3
h6 9. O-O Bg4 10. h3 Be6 11. c4 Qd7 12. Kh2 Nh7 13. Nh4 Nd4 14. f4 g5 15. Nf3
gxf4 16. gxf4 exf4 17. Nxd4 cxd4 18. Bxf4 Ng5 19. Qh5 O-O-O 20. a4 f6 21. a5
Rdg8 22. a6 b6 23. b4 Bf7 24. Qh4 Ne6 25. Qxf6 Nxf4 26. Rxf4 Rh7 27. Raf1 Be6
28. R1f2 Rhg7 29. Qxd4 h5 30. Rf8+ Rxf8 31. Rxf8+ Kc7 32. Ra8 1-0

[Event "30.Schlosspark-Open"]
[Site "Wiesbaden-Biebrich"]
[Date "2018.08.25"]
[Round "4.34"]
[White "Junker, Christian"]
[Black "Frey, Thomas"]
[Result "0-1"]
[WhiteElo "1986"]
[BlackElo "2051"]
[PlyCount "88"]
[EventDate "2018.??.??"]
[WhiteTeam "SV Neu-Isenburg"]
[BlackTeam "SV Reutlingen"]

1. Nf3 d5 2. d3 c5 3. Nbd2 Nc6 4. g3 e5 5. e4 d4 6. Bg2 Be7 7. Nc4 Qc7 8. a4 h5
9. h4 Bg4 10. Bd2 Nh6 11. a5 f6 12. Qc1 Nf7 13. Nh2 Be6 14. a6 b6 15. f4 Nd6
16. Na3 b5 17. c4 dxc3 18. bxc3 Na5 19. Rb1 Nb3 20. Qd1 Nxd2 21. Qxd2 Rb8 22.
fxe5 fxe5 23. Nf3 O-O 24. O-O c4 25. Ng5 Rxf1+ 26. Rxf1 Bg4 27. Nc2 Bxg5 28.
hxg5 cxd3 29. Qxd3 Be6 30. Rd1 Nc4 31. g6 Qb6+ 32. Kh2 Bg4 33. Qd5+ Kh8 34. Rf1
Qxg6 35. Qf7 Qxa6 36. Bh3 Qb7 37. Qg6 Qb6 38. Qf7 Qh6 39. Qxa7 Rd8 40. Rf2 Bxh3
41. Kxh3 h4 42. Qe7 hxg3+ 43. Kxg3 Rd3+ 44. Rf3 Qf4+ 0-1

[Event "30.Schlosspark-Open"]
[Site "Wiesbaden-Biebrich"]
[Date "2018.08.25"]
[Round "4.35"]
[White "Seickel, Ralf"]
[Black "Triantafillidis, Simeon"]
[Result "1/2-1/2"]
[WhiteElo "2050"]
[BlackElo "1972"]
[PlyCount "54"]
[EventDate "2018.??.??"]
[WhiteTeam "vereinslos"]
[BlackTeam "SF HN-Biberach"]

1. c4 f5 2. g3 Nf6 3. Bg2 g6 4. Nf3 Bg7 5. O-O O-O 6. d4 d6 7. Nc3 Qe8 8. b3 c6
9. Ba3 Na6 10. Re1 h6 11. h3 Qf7 12. Rc1 Ne4 13. Qd3 Nxc3 14. Qxc3 f4 15. Qd2
g5 16. g4 Qf6 17. e4 fxe3 18. Qxe3 Qg6 19. Qe4 Qxe4 20. Rxe4 Rf7 21. d5 Bd7 22.
Nd4 Rc8 23. dxc6 bxc6 24. Ne6 Bxe6 25. Rxe6 Bd4 26. Re2 Nc5 27. Bxc5 Bxc5
1/2-1/2

[Event "30.Schlosspark-Open"]
[Site "Wiesbaden-Biebrich"]
[Date "2018.08.25"]
[Round "4.36"]
[White "Li, Maxim"]
[Black "Menning, Uwe"]
[Result "1-0"]
[WhiteElo "1851"]
[BlackElo "2047"]
[PlyCount "55"]
[EventDate "2018.??.??"]
[WhiteTeam "Wiesbadener SV"]
[BlackTeam "FC Bierstadt"]

1. e4 c6 2. d4 d5 3. e5 Bf5 4. Nc3 e6 5. g4 Bg6 6. Nge2 Bb4 7. h4 Be4 8. Rh3 h5
9. Ng3 hxg4 10. Qxg4 g6 11. Ngxe4 dxe4 12. Qxe4 Ne7 13. a3 Ba5 14. Bg5 Bxc3+
15. Rxc3 Qd5 16. Qg4 Nf5 17. Bg2 Qa5 18. b4 Qa4 19. d5 a5 20. dxe6 fxe6 21. Rd1
Nd7 22. Bf6 Rg8 23. Rcd3 Nxf6 24. exf6 Qxc2 25. Qe4 Qa2 26. Rd7 Rh8 27. Rxb7
Rc8 28. Qxc6+ 1-0

[Event "30.Schlosspark-Open"]
[Site "Wiesbaden-Biebrich"]
[Date "2018.08.25"]
[Round "4.37"]
[White "Belz, Frank-Martin"]
[Black "Kobs, Stephan"]
[Result "1/2-1/2"]
[WhiteElo "2041"]
[BlackElo "1926"]
[PlyCount "149"]
[EventDate "2018.??.??"]
[WhiteTeam "SK Freising"]
[BlackTeam "SV Esens"]

1. d4 Nf6 2. Nf3 g6 3. c4 c5 4. Nc3 cxd4 5. Nxd4 Bg7 6. e4 d6 7. Be2 Nc6 8. Be3
O-O 9. O-O Bd7 10. Nc2 Rc8 11. f3 Na5 12. b3 a6 13. Rc1 b5 14. Nd5 Nxd5 15.
cxd5 f5 16. Nd4 fxe4 17. fxe4 Rxf1+ 18. Bxf1 Rxc1 19. Qxc1 Qc8 20. Qxc8+ Bxc8
21. h3 Kf7 22. Kf2 Bd7 23. g4 h6 24. Kg2 Kf8 25. Be2 Kf7 26. h4 Kf8 27. h5 g5
28. Kf2 Kf7 29. Ke1 Nb7 30. b4 Nd8 31. Kd2 Ke8 32. Nf5 Bxf5 33. exf5 Nf7 34.
Kc2 Kd7 35. Kb3 Kc7 36. a4 bxa4+ 37. Kxa4 Ne5 38. Ka5 Nd7 39. Kxa6 Bc3 40. Kb5
Kb7 41. Bf2 Ne5 42. Ka4 Nd7 43. Kb3 Bf6 44. Kc4 Ne5+ 45. Kb5 Nd7 46. Be1 Bd4
47. Kc4 Bf6 48. Bf2 Ne5+ 49. Kb5 Nd7 50. Ka5 Bc3 51. Ba6+ Kb8 52. Be2 Kb7 53.
Ka4 Bf6 54. Kb3 Ne5 55. Kc2 Nd7 56. Kd3 Ne5+ 57. Ke4 Nd7 58. Be3 Bc3 59. b5
Nf6+ 60. Kd3 Be5 61. Bf3 Nd7 62. Kc4 Nb6+ 63. Kb4 Nd7 64. Ka5 Bc3+ 65. Ka4 Bf6
66. Kb3 Nb6 67. Bd2 Nd7 68. Ba5 Nc5+ 69. Kc4 Na4 70. Kb3 Nc5+ 71. Kc2 Na4 72.
Be2 Nc5 73. Bc3 Kb6 74. Bd2 Bd4 75. Bc3 1/2-1/2

[Event "30.Schlosspark-Open"]
[Site "Wiesbaden-Biebrich"]
[Date "2018.08.25"]
[Round "4.38"]
[White "Marzahn, Heiko"]
[Black "Modric, Vladimir"]
[Result "1-0"]
[WhiteElo "2068"]
[BlackElo "1867"]
[PlyCount "115"]
[EventDate "2018.??.??"]
[WhiteTeam "Sfr. Erbach"]
[BlackTeam "SC Nied"]

1. e4 d6 2. d4 Nf6 3. Nc3 g6 4. f4 Bg7 5. Nf3 O-O 6. Bd3 c5 7. dxc5 dxc5 8. O-O
Nc6 9. h3 Nb4 10. Qe2 Nxd3 11. cxd3 b6 12. Be3 Bb7 13. Rad1 Rc8 14. Bc1 Qc7 15.
Rfe1 a6 16. Qf2 b5 17. e5 Nd5 18. Ne4 c4 19. d4 Nb4 20. Nc5 Nd3 21. Nxd3 cxd3
22. Rxd3 Qc4 23. Rb3 Qa4 24. Ra3 Qc2 25. Qe3 b4 26. Rd3 Bd5 27. a3 a5 28. Nd2
Bh6 29. g3 Qc6 30. Ne4 Bxe4 31. Qxe4 Qxe4 32. Rxe4 Rxc1+ 33. Kf2 Rc2+ 34. Kf3
Rxb2 35. axb4 axb4 36. d5 Rd8 37. Rc4 Bg7 38. Rc7 Kf8 39. Rb7 f6 40. d6 exd6
41. e6 Rc8 42. Rxd6 Rc3+ 43. Kg4 h5+ 44. Kh4 Rc8 45. Rdd7 Re2 46. Rf7+ Kg8 47.
Rxg7+ Kh8 48. Rxg6 Rxe6 49. Rh6+ Kg8 50. Rxh5 Re4 51. Rf5 Rc6 52. Ra5 Rc8 53.
Ra6 Rf8 54. Rab6 f5 55. Rxb4 Re6 56. R4b6 Rxb6 57. Rxb6 Kg7 58. Kg5 1-0

[Event "30.Schlosspark-Open"]
[Site "Wiesbaden-Biebrich"]
[Date "2018.08.25"]
[Round "4.39"]
[White "Neukirchner, Pascal"]
[Black "Ochs, Daniel Elias"]
[Result "1-0"]
[WhiteElo "2303"]
[BlackElo "1872"]
[PlyCount "163"]
[EventDate "2018.??.??"]
[WhiteTeam "SK Gruendau"]
[BlackTeam "Wiesbadener SV"]

1. d4 d5 2. c4 e6 3. Nf3 Nf6 4. g3 Bb4+ 5. Bd2 Bd6 6. Nc3 c6 7. Qc2 Nbd7 8. e4
Nxe4 9. Nxe4 dxe4 10. Qxe4 Nf6 11. Qc2 b6 12. Ne5 Qc7 13. f4 c5 14. Bg2 Bb7 15.
Qa4+ Nd7 16. Bxb7 Qxb7 17. Qxd7+ Qxd7 18. Nxd7 Kxd7 19. dxc5 Bxc5 20. Bc3 f6
21. O-O-O+ Kc7 22. b4 Bd6 23. Rd3 Rhe8 24. Re1 Rad8 25. Kc2 Re7 26. a4 Kc8 27.
Kb3 Bc7 28. Rde3 Rde8 29. Re4 h5 30. c5 bxc5 31. bxc5 e5 32. f5 Rd7 33. Rh4 Rd3
34. Rc1 Ba5 35. Kc4 Rxc3+ 36. Rxc3 Bxc3 37. Kxc3 e4 38. Kd2 Re5 39. Rxh5 Rxc5
40. Ke3 Re5 41. g4 Kd7 42. h4 Ke7 43. Rh8 Ra5 44. Rb8 Rxa4 45. Rb7+ Kf8 46. g5
Ra3+ 47. Kxe4 fxg5 48. hxg5 Ra4+ 49. Ke5 Ra5+ 50. Ke6 Ra6+ 51. Ke5 Ra5+ 52. Kf4
Ra4+ 53. Kg3 a5 54. Rb8+ Kf7 55. Rb7+ Kf8 56. Ra7 Kg8 57. Kf3 Kf8 58. g6 Rb4
59. Rxa5 Ke7 60. Ra6 Rd4 61. Re6+ Kf8 62. Re4 Rd1 63. Kf4 Rd2 64. Ra4 Rf2+ 65.
Ke5 Re2+ 66. Re4 Rd2 67. Ke6 Rd8 68. Ra4 Re8+ 69. Kd7 Re7+ 70. Kd6 Re8 71. Ra7
Kg8 72. Kd7 Rf8 73. Ke7 Rb8 74. Rd7 Rf8 75. Rd8 Rxd8 76. Kxd8 Kf8 77. Kd7 Kg8
78. Ke7 Kh8 79. f6 gxf6 80. Kf7 f5 81. g7+ Kh7 82. g8=Q+ 1-0

[Event "30.Schlosspark-Open"]
[Site "Wiesbaden-Biebrich"]
[Date "2018.08.25"]
[Round "4.40"]
[White "Ebert, Wolfgang"]
[Black "Hipler, Andreas"]
[Result "1/2-1/2"]
[WhiteElo "2180"]
[BlackElo "1852"]
[PlyCount "46"]
[EventDate "2018.??.??"]
[WhiteTeam "Schachforum Darmstadt"]
[BlackTeam "SK Gau-Algesheim"]

1. e4 d5 2. exd5 Qxd5 3. Nc3 Qd6 4. d4 Nf6 5. Nf3 c6 6. h3 Bf5 7. Bc4 h6 8. O-O
e6 9. Ne5 Qc7 10. Re1 Bd6 11. Bb3 O-O 12. Qf3 Nbd7 13. Nc4 Nd5 14. Nxd6 Qxd6
15. Nxd5 cxd5 16. Bf4 Qc6 17. Qg3 Kh8 18. Qh4 Qb6 19. Rad1 Qd8 20. Qxd8 Rfxd8
21. f3 Rac8 22. c3 Nb6 23. Kf2 Nc4 1/2-1/2

[Event "30.Schlosspark-Open"]
[Site "Wiesbaden-Biebrich"]
[Date "2018.08.25"]
[Round "4.41"]
[White "Rump, Andreas"]
[Black "Ernst, Michael"]
[Result "0-1"]
[WhiteElo "1936"]
[BlackElo "2145"]
[PlyCount "124"]
[EventDate "2018.??.??"]
[WhiteTeam "SG Idstein"]
[BlackTeam "Poechlarn"]

1. d4 d5 2. c4 e6 3. Nf3 Nf6 4. g3 dxc4 5. Qa4+ Nbd7 6. Qxc4 a6 7. Bg2 b5 8.
Qc2 Bb7 9. O-O c5 10. e3 Rc8 11. Qe2 Qb6 12. b3 cxd4 13. Nxd4 Bxg2 14. Kxg2 g6
15. Bb2 Bg7 16. Nd2 O-O 17. Rfc1 e5 18. N4f3 e4 19. Ne1 Rfd8 20. Rxc8 Rxc8 21.
Rc1 Rxc1 22. Bxc1 Ne8 23. Nxe4 f5 24. Ng5 Qc6+ 25. Qf3 Ne5 26. Qxc6 Nxc6 27.
Nd3 Bf6 28. Ne6 Kf7 29. Nec5 Nc7 30. Bd2 a5 31. a4 bxa4 32. Nxa4 Nd5 33. h3 h5
34. Kf3 g5 35. Ke2 Ke7 36. Kd1 Kd6 37. Kc2 Ndb4+ 38. Bxb4+ axb4 39. Nb6 Bc3 40.
Nc4+ Kd5 41. Kd1 Ne7 42. Ke2 Ng6 43. Ne1 Bf6 44. Kd3 h4 45. gxh4 Nxh4 46. f3
Bc3 47. e4+ Ke6 48. Nd2 Ke5 49. exf5 Kxf5 50. Ke2 Ng6 51. Nd3 Nf4+ 52. Nxf4
Kxf4 53. Ne4 Bd4 54. Kd3 Bg7 55. Kc4 Bf8 56. Kd5 Be7 57. Ke6 Kxf3 58. Kxe7 Kxe4
59. Kf6 Kf4 60. Kg6 g4 61. hxg4 Kxg4 62. Kf6 Kf4 0-1

[Event "30.Schlosspark-Open"]
[Site "Wiesbaden-Biebrich"]
[Date "2018.08.25"]
[Round "4.42"]
[White "Eg, Karlheinz"]
[Black "Pioch, Thomas"]
[Result "0-1"]
[WhiteElo "1863"]
[BlackElo "2110"]
[PlyCount "86"]
[EventDate "2018.??.??"]
[WhiteTeam "SV Ruesselsheim"]
[BlackTeam "SF Mainz"]

1. e4 e6 2. d4 d5 3. exd5 exd5 4. c4 Nf6 5. Nc3 Bb4 6. Bd3 dxc4 7. Bxc4 O-O 8.
Nge2 Nbd7 9. a3 Be7 10. O-O Nb6 11. Ba2 c6 12. Bg5 Nfd5 13. Bd2 Be6 14. Ne4 Nc7
15. Bb1 Nc4 16. Bf4 f5 17. N4c3 b5 18. Qc2 Rc8 19. Bc1 Nd5 20. b3 Ncb6 21. Bb2
g6 22. Re1 Qd7 23. Ba2 a5 24. Qd2 Ra8 25. Rac1 Bd6 26. h4 Rfc8 27. h5 Bf7 28.
hxg6 hxg6 29. Qg5 Be7 30. Qh6 Bf8 31. Qg5 Qe7 32. Qd2 Qh4 33. Rc2 Bh6 34. Qd3
Ra7 35. Bc1 Bf8 36. Qd2 Be8 37. Qg5 Qxg5 38. Bxg5 Bxa3 39. Nf4 Nxf4 40. Bxf4
Nd5 41. Bg5 Bf7 42. Re5 Bd6 43. Re1 Nb4 0-1

[Event "30.Schlosspark-Open"]
[Site "Wiesbaden-Biebrich"]
[Date "2018.08.25"]
[Round "4.43"]
[White "Held, Maurice"]
[Black "Matzat, Andre"]
[Result "1/2-1/2"]
[WhiteElo "1802"]
[BlackElo "2081"]
[PlyCount "112"]
[EventDate "2018.??.??"]
[WhiteTeam "SC Ladja Rossdorf"]
[BlackTeam "Oberhausener SV"]

1. c4 c5 2. g3 Nc6 3. Bg2 g6 4. Nc3 Bg7 5. e4 a6 6. d3 b5 7. Nge2 b4 8. Nd5 e6
9. Ne3 Nge7 10. O-O O-O 11. f4 f5 12. e5 d6 13. d4 Rb8 14. d5 Na5 15. exd6 Qxd6
16. Rb1 Rd8 17. b3 Bb7 18. dxe6 Qxe6 19. Qc2 Bxg2 20. Nxg2 Qe4 21. Qxe4 fxe4
22. Be3 Nb7 23. Rfd1 Nf5 24. Bf2 Rd3 25. g4 Rbd8 26. Rxd3 exd3 27. Ng3 Nd4 28.
Bxd4 Bxd4+ 29. Kf1 Bc3 30. Rd1 Rd4 31. Kf2 Nd6 32. Ke3 d2 33. Nh4 g5 34. fxg5
Rxg4 35. Nf3 Nf7 36. Nxd2 Nxg5 37. Nde4 Bd4+ 38. Kd3 Nxe4 39. Nxe4 Rh4 40. Rd2
Rh3+ 41. Kc2 Kf8 42. Ng5 Rc3+ 43. Kd1 Be3 44. Nxh7+ Kg8 45. Rd7 Rc1+ 46. Ke2
Bd4 47. Ng5 Rc2+ 48. Kf3 Rxh2 49. Ne6 Rxa2 50. Nxd4 cxd4 51. Rxd4 Rc2 52. Ke4
Kf7 53. Rd6 a5 54. Rd5 a4 55. bxa4 Rxc4+ 56. Rd4 Rxd4+ 1/2-1/2

[Event "30.Schlosspark-Open"]
[Site "Wiesbaden-Biebrich"]
[Date "2018.08.25"]
[Round "4.44"]
[White "Doeserich, Juergen"]
[Black "Schoeber, Sebastian"]
[Result "1-0"]
[WhiteElo "2033"]
[BlackElo "1846"]
[PlyCount "79"]
[EventDate "2018.??.??"]
[WhiteTeam "Schw. Pumpe Freiburg"]
[BlackTeam "Wiesbadener SV"]

1. d4 d5 2. c4 c6 3. cxd5 cxd5 4. Nc3 Nf6 5. Bf4 Qb6 6. Rc1 Nc6 7. e3 a6 8. Bd3
Qxb2 9. Nge2 e6 10. O-O Qb6 11. Qa4 Nh5 12. Bg5 h6 13. Bh4 g5 14. Bg3 Nxg3 15.
hxg3 Qa5 16. Qb3 Nb4 17. Bb1 Bd7 18. e4 Rc8 19. a3 Nc6 20. exd5 exd5 21. Nxd5
Bg7 22. Nb6 Rd8 23. d5 Ne5 24. Nxd7 Nxd7 25. Qxb7 O-O 26. Rc7 Nc5 27. Qc6 Nb3
28. Qc2 Rfe8 29. Ba2 Rxe2 30. Qxe2 Qxc7 31. Bxb3 Qd6 32. a4 a5 33. Qf3 Qb4 34.
d6 Qxd6 35. Qxf7+ Kh8 36. Re1 Qf6 37. Qc7 Rd2 38. Re8+ Bf8 39. Rxf8+ Qxf8 40.
Qc3+ 1-0

[Event "30.Schlosspark-Open"]
[Site "Wiesbaden-Biebrich"]
[Date "2018.08.25"]
[Round "4.45"]
[White "Schwenk, Stefan"]
[Black "Gerst, Michael"]
[Result "1/2-1/2"]
[WhiteElo "1729"]
[BlackElo "2009"]
[PlyCount "65"]
[EventDate "2018.??.??"]
[WhiteTeam "SK Geisenheim"]
[BlackTeam "Oberhausener SV"]

1. c4 c5 2. g3 Nc6 3. Bg2 g6 4. e3 Bg7 5. Nc3 e5 6. Nge2 Nge7 7. a3 a5 8. O-O
O-O 9. d3 d6 10. Qc2 Be6 11. Rb1 Rb8 12. Bd2 b6 13. Rfd1 d5 14. cxd5 Nxd5 15.
Nb5 Qd7 16. Nec3 Nde7 17. Ne4 h6 18. Nec3 Rfd8 19. Bc1 Bg4 20. f3 Be6 21. b3
Rbc8 22. Qe2 f5 23. f4 exf4 24. gxf4 Bf7 25. Kh1 Na7 26. Nxa7 Qxa7 27. Nb5 Qd7
28. a4 Nc6 29. Ba3 Re8 30. Qf3 Nb4 31. Bxb4 axb4 32. e4 Rcd8 33. e5 1/2-1/2

[Event "30.Schlosspark-Open"]
[Site "Wiesbaden-Biebrich"]
[Date "2018.08.25"]
[Round "4.47"]
[White "Wunschik, Joachim"]
[Black "Zimmer, Gerald"]
[Result "1/2-1/2"]
[WhiteElo "1793"]
[BlackElo "2001"]
[PlyCount "101"]
[EventDate "2018.??.??"]
[WhiteTeam "SV Ruesselsheim"]
[BlackTeam "SC Bergen-Enkheim"]

1. Nf3 Nf6 2. c4 b6 3. d4 e6 4. Bg5 Bb7 5. Nbd2 Be7 6. e3 c5 7. Be2 h6 8. Bf4
Nc6 9. h3 O-O 10. O-O cxd4 11. exd4 d5 12. Nb3 a5 13. a4 Nb4 14. Nbd2 Rc8 15.
b3 Nc6 16. Nb1 Ne4 17. cxd5 Qxd5 18. Bc4 Qf5 19. Be3 Nb4 20. Na3 Rfd8 21. Nb5
Nd6 22. Nxd6 Bxd6 23. Nh4 Qf6 24. Qg4 Be7 25. Nf3 Bd6 26. Rac1 Nd5 27. Rfe1 Nf4
28. Bxf4 Bxf4 29. Rcd1 Bxf3 30. Qxf3 Rxd4 31. g3 Be5 32. Qxf6 Bxf6 33. Rxd4
Bxd4 34. Rd1 Rd8 35. Kf1 Kf8 36. f4 Ke7 37. Ke2 g6 38. Kf3 Bc5 39. Rxd8 Kxd8
40. g4 Ke7 41. Ke4 Kf6 42. Ba6 Ba3 43. Bb5 Bb2 44. Be8 Ke7 45. Bb5 f6 46. f5
exf5+ 47. gxf5 g5 48. Kd5 Bc1 49. Be2 Be3 50. Kc6 Bf2 51. Bf3 1/2-1/2

[Event "30.Schlosspark-Open"]
[Site "Wiesbaden-Biebrich"]
[Date "2018.08.25"]
[Round "4.48"]
[White "Rutsatz, Mario"]
[Black "Adam, Wilfried"]
[Result "1-0"]
[WhiteElo "1999"]
[BlackElo "1802"]
[PlyCount "49"]
[EventDate "2018.??.??"]
[WhiteTeam "SF Frankfurt"]
[BlackTeam "SC Bad Wimpfen"]

1. c4 e5 2. g3 d5 3. cxd5 Qxd5 4. Nf3 e4 5. Nc3 Qf5 6. Qa4+ Bd7 7. Qxe4+ Qxe4
8. Nxe4 Nc6 9. Bg2 f5 10. Nc3 Nf6 11. O-O O-O-O 12. d3 h6 13. e4 Bc5 14. a3 a6
15. b4 Bd4 16. Nxd4 Nxd4 17. Be3 Nc2 18. Rac1 Nxa3 19. e5 Ng4 20. d4 Nc4 21.
Nd5 Bb5 22. Rfe1 Rhe8 23. h3 Ngxe3 24. fxe3 c6 25. Rxc4 1-0

[Event "30.Schlosspark-Open"]
[Site "Wiesbaden-Biebrich"]
[Date "2018.08.25"]
[Round "4.49"]
[White "Oezdemir, Ali Oezden"]
[Black "Kumar, Amod"]
[Result "0-1"]
[WhiteElo "1982"]
[BlackElo "1745"]
[PlyCount "108"]
[EventDate "2018.??.??"]
[WhiteTeam "SK Langen"]
[BlackTeam "SSV Rotation Berlin"]

1. e4 c6 2. d4 d5 3. e5 Bf5 4. Be3 Nd7 5. Nd2 e6 6. Ngf3 Rc8 7. Be2 c5 8. c4
cxd4 9. Bxd4 Ne7 10. O-O Nb6 11. Qb3 dxc4 12. Bxc4 Nc6 13. Bxb6 Qxb6 14. Qxb6
axb6 15. Nb3 Bg4 16. Bb5 Bxf3 17. gxf3 Be7 18. f4 g5 19. fxg5 Bxg5 20. f4 Bh6
21. h3 Rg8+ 22. Kh2 Ke7 23. a3 Rcd8 24. Bxc6 bxc6 25. Rf3 Rd5 26. Rc1 c5 27.
Rc2 f6 28. exf6+ Kxf6 29. Rcf2 Kf5 30. Nd2 Rd4 31. Nf1 Bxf4+ 32. Ng3+ Ke5 33.
Re2+ Kd5 34. Kg2 Rxg3+ 35. Rxg3 Bxg3 36. Kxg3 e5 37. h4 h5 38. Rf2 Rg4+ 39. Kh3
Rf4 40. Rg2 Rf3+ 41. Kh2 Rb3 42. Rf2 Kd4 43. Kg2 e4 44. Kf1 Rf3 45. Rxf3 exf3
46. Kf2 Ke4 47. a4 Kf4 48. b3 Ke4 49. Kf1 Ke3 50. Ke1 f2+ 51. Kf1 Kf3 52. a5
bxa5 53. b4 a4 54. bxc5 a3 0-1

[Event "30.Schlosspark-Open"]
[Site "Wiesbaden-Biebrich"]
[Date "2018.08.25"]
[Round "4.50"]
[White "Schmitt, Carsten"]
[Black "Cichon, Joerg"]
[Result "1-0"]
[WhiteElo "1992"]
[BlackElo "1776"]
[PlyCount "41"]
[EventDate "2018.??.??"]
[WhiteTeam "SV Bergwinkel"]
[BlackTeam "SF Mainz"]

1. c4 Nf6 2. g3 g6 3. Bg2 Bg7 4. Nc3 c5 5. e4 Nc6 6. Nge2 e5 7. d3 d6 8. O-O
O-O 9. h3 h6 10. f4 Nh7 11. f5 g5 12. Be3 Bd7 13. Nd5 f6 14. Bf3 Be8 15. Nec3
a6 16. Rf2 Nd4 17. Bg4 b5 18. Rh2 b4 19. Bh5 Bxh5 20. Qxh5 Nc2 21. Rxc2 1-0

[Event "30.Schlosspark-Open"]
[Site "Wiesbaden-Biebrich"]
[Date "2018.08.25"]
[Round "4.51"]
[White "Kuehn, Matthias"]
[Black "Tojcic, Josip"]
[Result "1-0"]
[WhiteElo "1972"]
[BlackElo "1750"]
[PlyCount "81"]
[EventDate "2018.??.??"]
[WhiteTeam "SV Huerth-Berrenrath"]
[BlackTeam "Niederraeder TG"]

1. e4 c6 2. Nc3 d5 3. g3 dxe4 4. Nxe4 Bf5 5. Bg2 Nf6 6. Nxf6+ exf6 7. Ne2 Bc5
8. d4 Bb6 9. O-O O-O 10. a4 Bg4 11. c3 Re8 12. f3 Be6 13. Nf4 Nd7 14. Nxe6 Rxe6
15. b4 a6 16. Bh3 Re7 17. f4 Nf8 18. f5 Qd5 19. Bd2 Rae8 20. Bg2 Qc4 21. Rf2 h6
22. Bf1 Qd5 23. Bd3 Nh7 24. h4 Bc7 25. Qg4 Kh8 26. Rb1 b5 27. a5 Nf8 28. Rbf1
Nh7 29. Rg2 Bb8 30. Qd1 Ba7 31. Be2 Kg8 32. Bf3 Qc4 33. Qc1 Kh8 34. g4 Rg8 35.
g5 Bxd4+ 36. cxd4 Qxd4+ 37. Rff2 Qxh4 38. gxh6 gxh6 39. Bxh6 Ng5 40. Bxg5 fxg5
41. Rh2 1-0

[Event "30.Schlosspark-Open"]
[Site "Wiesbaden-Biebrich"]
[Date "2018.08.25"]
[Round "4.52"]
[White "Schmitt, Clemens"]
[Black "Wolff, Michael"]
[Result "0-1"]
[WhiteElo "1711"]
[BlackElo "1962"]
[PlyCount "64"]
[EventDate "2018.??.??"]
[WhiteTeam "SV Bergwinkel"]
[BlackTeam "Ford SF Koeln"]

1. c4 Nf6 2. g3 e6 3. Bg2 d5 4. Nf3 Nbd7 5. O-O Be7 6. b3 O-O 7. Bb2 c6 8. d3
b6 9. Nc3 Bb7 10. Re1 Rc8 11. e4 dxe4 12. dxe4 Qc7 13. Qc2 Rfd8 14. Rad1 a6 15.
Nd2 Ne5 16. Nf1 c5 17. f4 Nc6 18. e5 Ne8 19. Be4 h6 20. Qg2 Na5 21. Ne3 Bxe4
22. Nxe4 Nc6 23. Nc2 Rd7 24. Rxd7 Qxd7 25. Qe2 Rd8 26. Qg4 Qd3 27. Nf6+ Bxf6
28. exf6 Qxc2 29. Re2 Rd2 30. Rxd2 Qxd2 31. Be5 Nxe5 32. fxe5 Qd4+ 0-1